Night of the living dummy / (Record no. 3310)
[ view plain ]
| 000 -LEADER | |
|---|---|
| fixed length control field | 01021nam a22002537a 4500 |
| 001 - CONTROL NUMBER | |
| control field | 3310 |
| 003 - CONTROL NUMBER IDENTIFIER | |
| control field | FISKH |
| 005 - DATE AND TIME OF LATEST TRANSACTION | |
| control field | 20241107111407.0 |
| 008 - FIXED-LENGTH DATA ELEMENTS--GENERAL INFORMATION | |
| fixed length control field | 240226b cb ||||| |||| 00| 0 eng d |
| 040 ## - CATALOGING SOURCE | |
| Original cataloging agency | FISK |
| Language of cataloging | eng |
| Transcribing agency | FISK |
| Modifying agency | FISK |
| 050 ## - LIBRARY OF CONGRESS CALL NUMBER | |
| Classification number | PZ7.S86037 |
| 082 ## - DEWEY DECIMAL CLASSIFICATION NUMBER | |
| Classification number | 813.54 |
| 100 ## - MAIN ENTRY--PERSONAL NAME | |
| Personal name | Stine R.L : |
| Dates associated with a name | 1943 |
| 245 ## - TITLE STATEMENT | |
| Title | Night of the living dummy / |
| Statement of responsibility, etc. | R.L Stine |
| 260 ## - PUBLICATION, DISTRIBUTION, ETC. | |
| Place of publication, distribution, etc. | New York : |
| Name of publisher, distributor, etc. | Scholastic, |
| Date of publication, distribution, etc. | 1993 |
| 300 ## - PHYSICAL DESCRIPTION | |
| Extent | 134 pages : |
| Other physical details | 20 cm : |
| 490 ## - SERIES STATEMENT | |
| Materials specified | Goosebumps |
| 501 ## - WITH NOTE | |
| With note | K |
| 520 ## - SUMMARY, ETC. | |
| Summary, etc. | Juvenile Fiction. Juvenile Literature. HTML:<br/><br/>Something scary is happening in GOOSEBUMPS HORRORLAND, the all-new, all-terrifying series by R. L. Stine. Just how scary? You'll never know unless you crack open this classic prequel! Discover the fan-favorite thriller and chiller that first introduced the world to the wooden face of fear. The puppet who pulls all the strings. None other than Slappy the Dummy! |
| 521 8# - TARGET AUDIENCE NOTE | |
| Target audience note | 590 |
| Source | K |
| 700 ## - ADDED ENTRY--PERSONAL NAME | |
| Personal name | R.L Stine |
| 856 ## - ELECTRONIC LOCATION AND ACCESS | |
| Materials specified | Goosebumps |
| 942 ## - ADDED ENTRY ELEMENTS (KOHA) | |
| Source of classification or shelving scheme | Dewey Decimal Classification |
| Koha item type | Books |
| Suppress in OPAC | No |
| Withdrawn status | Lost status | Source of classification or shelving scheme | Damaged status | Not for loan | Collection | Home library | Current library | Shelving location | Date acquired | Total Checkouts | Full call number | Barcode | Date last seen | Copy number | Price effective from | Koha item type |
|---|---|---|---|---|---|---|---|---|---|---|---|---|---|---|---|---|
| Dewey Decimal Classification | Fiction | Footprints International School Library Network Toul Kork Campus | Footprints International School Library Network Toul Kork Campus | 02/26/2024 | STI PZ7.S86037 813.54 | 2024-0111 | 02/26/2024 | 2 | 02/26/2024 | Books | ||||||
| Dewey Decimal Classification | Fiction | Footprints International School Library Network Toul Kork Campus | Footprints International School Library Network Toul Kork Campus | 02/26/2024 | STI PZ7.S86037 813.54 | 2024-0112 | 02/26/2024 | 3 | 02/26/2024 | Books |
